000 00548nam a2200181Ia 4500
008 180921t2014 xxu||||| |||| 00| 0 sin d
041 _asin
080 _a8-31
_bAIT
100 _aAitmatov, Chinghiz
245 _aපළමුවන ගුරුවරයා හෙවත් ගුරු ගීතය
246 _aPalamuwana Guruwaraya hewath Guru Geethaya
260 _bKurulu poth
_aRajagiriya
_c2014
300 _a107p, 18cm
700 _aDadigama V.Rudrigu
_etr.
942 _cBK
999 _c11456
_d11456
003 LK-CoDNM
040 _aLK-CoDNM
_dLK-CoDNM
_eLK-CoDNM